| 000 | 00511nam a2200169Ia 4500 | ||
|---|---|---|---|
| 005 | 20250424120250.0 | ||
| 008 | 250424s9999 xx 000 0 und d | ||
| 022 | _a01896202 | ||
| 050 | _aLA 1630 .I57/ | ||
| 245 | 0 | _aInternational journal of research in education | |
| 260 | _aIkot Ekpene | ||
| 260 | _bDevelopment Universal Consortia | ||
| 260 | _c2011 | ||
| 300 | _av. , 268 p. ; 25 cm. | ||
| 650 | _aEducation--Nigeria--Periodicals. Education--Study and teaching--Nigeria--Periodicals. | ||
| 942 | _cSR | ||
| 999 |
_c38330 _d38330 |
||